01513aam a2200289 i 4500001001400000003000400014005001700018007000300035008004100038020003800079035002400117040010900141082001500250100003400265245008500299264006600384264001100450300005600461336002100517337002500538338002300563520050000586650003001086650002901116650003201145700004601177vtls000834321PNM20181016103552.0ta170802t20162016enka j 000 1 eng d a9781848862036qpaperbackcRM18.10 a(OCoLC)ocn960036779 aNLEbengcNLEdOCLCOdOCLCFdNSELPdOCLCOdOCLCQdOCLdOCLCOdOCLCQdOCLCOdAUHCLdEQOdMYNLMdPPAKerda04a823.922231 aLyon, Rachel,d1978-eauthor.10aNoT Enough For Queen FLuff /cby Rachel Lyon ; illustrated by Catalina Echeverri 1aHorsham, West Sussex :bMaverick Arts Publishing Ltd,c[2016] 4c©2016 a1 volume (unpaged) :bcolour illustrations ;c27 cm atext2rdacontent aunmediated2rdamedia avolume2rdacarrier aPICTURE STORYBOOKS. Queen Fluff loves her fancy burrow but she's bored and lonely. She writes to each bunny in her kingdom and tells them to clean up their burrows for a royal visit. But the bunnies live a simple life and can't entertain a queen so they mess up their burrows to send her away! When Queen Fluff arrives the burrows are a tip! She decides to leave and the bunnies cheer. She realises she's been selfish and imposing, so she invites the bunnies to share her burrow instead. Ages 0+20aRabbitsvJuvenile fiction20aQueensvJuvenile fiction10aChildren's stories, English1 aEcheverri, Catalina,d1986-eillustrator.